| 000 | 00763nam a2200253 a 4500 | ||
|---|---|---|---|
| 001 | BRCA_5270 | ||
| 005 | 20190320205018.0 | ||
| 008 | 011210s1979----enka######---#000-0#eng-# | ||
| 020 | _a0600317838 | ||
| 041 | _aeng | ||
| 044 | _aenk | ||
| 050 | 4 |
_aNK8454 _b.P47 1979 |
|
| 100 | 1 |
_aPerry, Evan _913500 |
|
| 245 | 1 | 0 |
_aCollecting Antique Metalware _cEvan Perry. |
| 260 |
_aInglaterra _bCountry Life Books _c1979 |
||
| 300 |
_a190 p. _bil. (algunas a color) _c27 cm. |
||
| 500 | _aIncluye índice alfabético | ||
| 500 | _aDonación Dr. Héctor Rivero Borrell Vázquez | ||
| 504 | _aBibliografía: p. 187 | ||
| 650 | 1 | 4 |
_aAntigüedades _xColecciones _913501 |
| 650 | 1 | 4 |
_aAntigüedades en metal _xHistoria _zInglaterra _913502 |
| 902 | _aDHR | ||
| 942 |
_2lcc _cB |
||
| 999 |
_c4964 _d4964 |
||